|
|
|
|
| LEADER |
00000cam a2200000 7i4500 |
| 001 |
0000004144 |
| 005 |
20181226.0 |
| 020 |
0 |
0 |
|a 9789670622767
|
| 090 |
0 |
0 |
|a 333.951609595123
|b CHI 2016
|
| 245 |
1 |
0 |
|a Penyediaan stok tanaman untuk tumbuhan darat dan akuatik di Lembangan Tasik Chini :
|b Kajian Teknikal Usahasama NRE-JPSM-FRIM
|c editor K.Abd Rahman ..[et.al]
|
| 260 |
0 |
0 |
|a Kuala Lumpur :
|b Forest Research Institute Malaysia ,
|c 2016.
|
| 300 |
|
|
|a ix122 p.ill.col ;
|c 26cm.
|
| 650 |
0 |
0 |
|a Biodiversity conservation---Pahang
|
| 650 |
0 |
0 |
|a Plant for soil conservation---Pahang.
|
| 700 |
0 |
1 |
|a A.H Siti Latifah
|
| 700 |
0 |
1 |
|a A.P Hasni
|
| 700 |
0 |
1 |
|a F.Mohd Azahari
|
| 700 |
0 |
1 |
|a H.Mohd Ghazali
|
| 700 |
0 |
1 |
|a K.Amir Saaiffudin
|
| 700 |
0 |
1 |
|a M. Farah Shahanim
|
| 998 |
|
|
|a JPSM
|
| 999 |
|
|
|a 008047
|b Monograph
|c Open Shelf
|e Default branch
|